00664nam a22002057a 450000500170000000800410001701000140005802000260007203500130009803700150011104000170012608200110014310000220015424500770017626000560025330000270030950000500033660000300038665000420041620080811141834.0080811t xxu||||| |||| 00| p eng d aENG-90710 c625.00a9788184350302 aEN-74243 bDBAD / PUB aDPLbENGLISH a881.08 aMishra, Indrajeet aNativity rituals :cby Indrajeet Mishrabthe poetry of Jayanta Mahapatra aNew DelhibAdhyayan Publishers & Distributorsc2008 axii, 250p.c22 cm.(Hb) aIncludes bibliographical references and index aJayanta Mahapatra (1928-) aEnglish poetryxHistory and criticism